| 000 | 01002 a2200313 4500 | ||
|---|---|---|---|
| 003 | OSt | ||
| 005 | 20180116192356.0 | ||
| 008 | 120606t xxu||||| |||| 00| 0 eng d | ||
| 010 | _a 2008428399 | ||
| 020 | _a0470034807 (hbk.) | ||
| 020 | _a9780470034804 (hbk.) | ||
| 020 | _a0470034815 (pbk.) | ||
| 020 | _a9780470034811 (pbk.) | ||
| 035 | _a(OCoLC)ocm84996428 | ||
| 040 | _c0 | ||
| 082 | 0 | 4 | _a720.222 |
| 100 | 1 |
_aCook, Peter, _94025 |
|
| 245 | 1 | 0 |
_aDrawing : _bthe motive force of architecture / _cPeter Cook. |
| 260 |
_aChichester [England] : _bWiley, _c2008. |
||
| 300 |
_a208 p. : _bcol. ill., plans ; _c23 cm. |
||
| 490 | 0 | _aAD primers | |
| 500 | _aIncludes index. | ||
| 650 | 1 | 0 |
_aArchitectural drawing. _94026 |
| 650 | 1 | 0 |
_aArchitecture, Modern _94027 |
| 650 | 1 | 0 |
_aArchitecture _94028 |
| 942 |
_aSADA _cREF _k720.222 COO 2008 _2ddc |
||
| 999 |
_c353134 _d353134 |
||